000
00312nam a2200145Ia 4500
100
_a
Chappell/ Laura
942
_c
BK
654
_a
computer
245
_a
Int to Cisco Router Configuration
260
_b
Techmedia
_a
NONE
_c
1999
082
_a
4.65
_b
CHA
300
_a
534
546
_a
ENGLISH
999
_c
27776
_d
27776